000 00265nam a2200133Ia 4500
005 20251222141758.0
008 251222s9999||||xx |||||||||||||| ||spa||
020 _a1467
082 _a1467/1467
100 _a1467
245 0 _a1467
250 _a1467
942 _cLIB
999 _c6074
_d6074